<?xml version="1.0" encoding="UTF-8"?><?xml-stylesheet type="text/xsl" href="static/style.xsl"?><OAI-PMH xmlns="http://www.openarchives.org/OAI/2.0/" xmlns:xsi="http://www.w3.org/2001/XMLSchema-instance" xsi:schemaLocation="http://www.openarchives.org/OAI/2.0/ http://www.openarchives.org/OAI/2.0/OAI-PMH.xsd"><responseDate>2026-06-07T15:51:03Z</responseDate><request verb="GetRecord" identifier="oai:docta.ucm.es:20.500.14352/63249" metadataPrefix="marc">https://docta.ucm.es/rest/oai/request</request><GetRecord><record><header><identifier>oai:docta.ucm.es:20.500.14352/63249</identifier><datestamp>2025-01-30T12:41:44Z</datestamp><setSpec>com_20.500.14352_14</setSpec><setSpec>col_20.500.14352_22</setSpec></header><metadata><record xmlns="http://www.loc.gov/MARC21/slim" xmlns:dcterms="http://purl.org/dc/terms/" xmlns:xsi="http://www.w3.org/2001/XMLSchema-instance" xmlns:doc="http://www.lyncode.com/xoai" xsi:schemaLocation="http://www.loc.gov/MARC21/slim http://www.loc.gov/standards/marcxml/schema/MARC21slim.xsd">
   <leader>00925njm 22002777a 4500</leader>
   <datafield ind2=" " ind1=" " tag="042">
      <subfield code="a">dc</subfield>
   </datafield>
   <datafield ind2=" " ind1=" " tag="720">
      <subfield code="a">García Carcedo, María Del Pilar</subfield>
      <subfield code="e">author</subfield>
   </datafield>
   <datafield ind2=" " ind1=" " tag="260">
      <subfield code="c">2002</subfield>
   </datafield>
   <datafield ind2=" " ind1=" " tag="520">
      <subfield code="a">La tesis comienza con un capitulo teórico sobre metodologías de estudio del ritmo, donde se desarrollan y comentan las diferentes perspectivas que se pueden adoptar tanto para el análisis de la métrica clásica como de la "métrica nueva" y el versolibrismo. A continuación se ha llevado a cabo el análisis rítmico de los textos oterianos, dividiendo su obra, y por tanto, el "corpus" de la tesis en tres etapas fundamentales. En la primera se estudian los poemas de Angel fieramente humano, redoble de conciencia y ancia, centrándose en los rasgos distintivos de tratamiento oteriano del ritmo en los sonetos, predominantes en esta época. En la segunda se revisan los libros pido la paz y la palabra y en castellano y que trata de España, y sus nuevas modalidades rítmicas. En el tercer apartado se descubre una revitalización de todas las experiencias anteriores en el terreno del ritmo y la novedad de las prosas poéticas de historias fingidas y verdaderas</subfield>
   </datafield>
   <datafield ind1="8" ind2=" " tag="024">
      <subfield code="a">978-84-8466-318-8</subfield>
   </datafield>
   <datafield ind1="8" ind2=" " tag="024">
      <subfield code="a">b2136087x</subfield>
   </datafield>
   <datafield ind1="8" ind2=" " tag="024">
      <subfield code="a">https://hdl.handle.net/20.500.14352/63249</subfield>
   </datafield>
   <datafield ind2="0" ind1="0" tag="245">
      <subfield code="a">El ritmo en la poesía de Blas de Otero</subfield>
   </datafield>
</record></metadata></record></GetRecord></OAI-PMH>